|
|
|
|
| LEADER |
03181nam a2200805 i 4500 |
| 001 |
nkc20203257255 |
| 003 |
CZ PrNK |
| 005 |
20210505130916.0 |
| 007 |
ta |
| 008 |
201007s2020 xr ach f 001 0acze |
| 015 |
|
|
|a cnb003257255
|
| 020 |
|
|
|a 978-80-275-0246-2
|q (vázáno)
|
| 035 |
|
|
|a (OCoLC)1245648797
|
| 040 |
|
|
|a BOA001
|b cze
|e rda
|
| 041 |
0 |
|
|a cze
|b eng
|
| 043 |
|
|
|a e-xr---
|a ew-----
|a n------
|
| 045 |
|
|
|a x6y1
|
| 072 |
|
7 |
|a 791
|x Film. Cirkus. Lidová zábava
|2 Konspekt
|9 3
|
| 072 |
|
7 |
|a 929
|x Biografie
|2 Konspekt
|9 8
|
| 080 |
|
|
|a 791.633-051
|2 MRF
|
| 080 |
|
|
|a 791.632-051
|2 MRF
|
| 080 |
|
|
|a 314.15-026.44
|2 MRF
|
| 080 |
|
|
|a 791.62-026.15
|2 MRF
|
| 080 |
|
|
|a 791.221/.228
|2 MRF
|
| 080 |
|
|
|a 791.2:314.15-026.49
|2 MRF
|
| 080 |
|
|
|a 929
|2 MRF
|
| 080 |
|
|
|a (437.3)
|2 MRF
|
| 080 |
|
|
|a (4-15)
|2 MRF
|
| 080 |
|
|
|a (7)
|2 MRF
|
| 080 |
|
|
|a (048.8)
|2 MRF
|
| 080 |
|
|
|a (0:82-94)
|2 MRF
|
| 100 |
1 |
|
|a Voráč, Jiří,
|d 1965-
|7 jo2002106721
|4 aut
|
| 245 |
1 |
0 |
|a Vojtěch Jasný :
|b filmový básník v exilu /
|c Jiří Voráč
|
| 250 |
|
|
|a První vydání
|
| 264 |
|
1 |
|a Brno :
|b Host,
|c 2020
|
| 300 |
|
|
|a 599 stran :
|b ilustrace (některé barevné), portréty, faksimile ;
|c 24 cm
|
| 336 |
|
|
|a text
|b txt
|2 rdacontent
|
| 337 |
|
|
|a bez média
|b n
|2 rdamedia
|
| 338 |
|
|
|a svazek
|b nc
|2 rdacarrier
|
| 490 |
1 |
|
|a Filmová knihovna ;
|v svazek 4
|
| 504 |
|
|
|a Obsahuje bibliografii, bibliografické odkazy a rejstřík
|
| 546 |
|
|
|a Anglické resumé
|
| 600 |
1 |
7 |
|a Jasný, Vojtěch,
|d 1925-2019
|7 jk01051307
|2 czenas
|
| 648 |
|
7 |
|a 20.-21. století
|7 ch462155
|2 czenas
|
| 648 |
|
7 |
|a 20. století
|7 ch460558
|2 czenas
|
| 650 |
0 |
7 |
|a filmoví režiséři
|7 ph120210
|z Česko
|y 20.-21. století
|2 czenas
|
| 650 |
0 |
7 |
|a filmoví scenáristé
|7 ph120211
|z Česko
|y 20.-21. století
|2 czenas
|
| 650 |
0 |
7 |
|a emigrace a imigrace
|7 ph137594
|z Evropa západní
|y 20. století
|2 czenas
|
| 650 |
0 |
7 |
|a emigrace a imigrace
|7 ph137594
|z Severní Amerika
|y 20.-21. století
|2 czenas
|
| 650 |
0 |
7 |
|a filmová tvorba
|7 ph174785
|y 20.-21. století
|2 czenas
|
| 650 |
0 |
7 |
|a hrané filmy
|7 ph319026
|y 20.-21. století
|2 czenas
|
| 650 |
0 |
7 |
|a exilové filmy
|7 ph281877
|y 20.-21. století
|2 czenas
|
| 650 |
0 |
9 |
|a film directors
|z Czechia
|y 20th-21st centuries
|2 eczenas
|
| 650 |
0 |
9 |
|a film screenwriters
|z Czechia
|y 20th-21st centuries
|2 eczenas
|
| 650 |
0 |
9 |
|a emigration and immigration
|z Europe, Western
|y 20th century
|2 eczenas
|
| 650 |
0 |
9 |
|a emigration and immigration
|z North America
|y 20th-21st centuries
|2 eczenas
|
| 650 |
0 |
9 |
|a art of film production
|y 20th-21st centuries
|2 eczenas
|
| 650 |
0 |
9 |
|a feature films
|y 20th-21st centuries
|2 eczenas
|
| 650 |
0 |
9 |
|a exile films
|y 20th-21st centuries
|2 eczenas
|
| 655 |
|
7 |
|a studie
|7 fd133597
|2 czenas
|
| 655 |
|
7 |
|a paměti
|7 fd132997
|2 czenas
|
| 655 |
|
9 |
|a studies
|2 eczenas
|
| 655 |
|
9 |
|a memoirs
|2 eczenas
|
| 830 |
|
0 |
|a Filmová knihovna (Host)
|0 s
|
| 910 |
2 |
|
|a BOA001
|b 2-1456.933
|
| 990 |
|
|
|a BK
|
| 995 |
|
|
|a 01
|
| 991 |
|
|
|b 202102
|c NOV
|
| 996 |
6 |
|
|b 2610852248
|c 2-1456.933
|l MZK
|r Sklad / do 1 hodiny
|n 0
|p p.v.
|w 001839484
|u 000010
|a 1
|e BOA001
|j MZK50
|s P
|
| 996 |
7 |
|
|b 2610852249
|c 2-1456.933
|l MZK
|r Sklad / do 1 hodiny
|n 7
|p p.v.
|w 001839484
|u 000020
|a 1
|e BOA001
|j MZK50
|s A
|